Statistiques concernant Personnalités nées en Charente par images

Cliquez ici pour prendre le quiz!

Statistiques générales

  • Ce quiz a été pris 65 fois
  • Le résultat moyen est 4 sur 11

Statistiques - réponses

Réponse% Correct
François Mitterrand
96%
Renaud Lavillenie
89%
François Ier
82%
Christophe Jallet
58%
François Ravaillac
33%
François Gabart
25%
Vincent Perrot
12%
Laurence Arné
7%
Émile Roux
4%
Marie-Claire Restoux
4%
Martine Pinville
4%

Distribution des résultats

Percentile par nombre de réponses

% des personnes avec chaque résultat

Votre développement - résultats

Vous n’avez pas pris ce quiz